| 000 | 01854cam a2200349 a 4500 | ||
|---|---|---|---|
| 999 |
_c3196 _d3196 |
||
| 001 | .b23489133 | ||
| 003 | OCoLC | ||
| 005 | 20231101152311.0 | ||
| 008 | 080424r20132008enkabg b 001 d eng | ||
| 015 | _aGBA862387 | ||
| 020 | _a9781903436998 | ||
| 040 |
_aUKM _cUKM _dYDXCP _dBAKER _dC#P _dBTCTA _dBWX _dBWK _dLRU _dPUL _dCDX _dTW-KhWUC _dCKZ _dKH8 |
||
| 042 | _anbic | ||
| 050 | 4 |
_aPR2837.A2 _bE43 |
|
| 082 | 0 | _a822.33 SHA | |
| 100 | 1 |
_aShakespeare, William, _d1564-1616, _eauthor. |
|
| 240 | 1 | 0 | _aTwelfth night. |
| 245 | 1 | 0 |
_aTwelfth night / _cWilliam Shakespeare. |
| 260 |
_aLondon : _bBloomsbury Arden Shakespeare, _c2013,c2008. |
||
| 300 |
_axx, 427 p. : _bill., map, music ; _c20 cm. |
||
| 490 | 0 | _aThe Arden Shakespeare. Third series. | |
| 504 | _aIncludes bibliographical references (p. 397-416) and index. | ||
| 505 | 0 | 0 |
_gIntroduction. _tAy, that's the theme: topics in Twelfth Night -- _tMake a good show on't: Twelfth Night in performance -- _tAre you a comedian?: players and parts -- _tTwelfth Night, or What You Will -- _gApp. 1. _tThe text and editorial procedures -- _gApp. 2. _tCasting -- _gApp. 3. _tMusic. |
| 520 | 1 | _a"This edition of Twelfth Night provides: a clear and authoritative text, edited to the highest standards of scholarship; detailed notes and commentary on the same page as the text; a full, illustrated introduction to the play's historical, cultural and performance contexts; an in-depth survey of critical approaches to the play; a full index to the introduction and notes; and a select bibliography of references and further reading."--BOOK JACKET. | |
| 650 | 0 |
_aBrothers and sisters _vDrama. |
|
| 650 | 0 |
_aMistaken identity _vDrama. |
|
| 650 | 0 |
_aTwins _vDrama. |
|
| 650 | 0 |
_aUnrequited love _vDrama. |
|
| 650 | 0 |
_aTriangles (Interpersonal relations) _vDrama. |
|
| 700 | 1 |
_aElam, Keir, _eeditor. |
|
| 942 |
_2ddc _cTR |
||